1349-野田市(千葉県)の駅 - Statistics

General Stats
  • This quiz has been taken 11 times
  • The average score is 5 of 6
Answer Stats
Answer % Correct
野田市
100%
七光台
88%
川間
75%
清水公園
75%
梅郷
63%
愛宕
50%
No matching quizzes found
Score Distribution
Percent of People with Each Score
Percentile by Number Answered
Your Score History
You have not taken this quiz